000
00226nam a2200097Ia 4500
008
120527s9999 xx 000 0 und d
100
_a
CANNING, A.J
245
_a
Pad-batch dyeing of plants fibres
260
_b
TPI
942
_c
BK
999
_c
25145
_d
25145